| 000 | 01287nam a2200241Ia 4500 | ||
|---|---|---|---|
| 003 | Ost | ||
| 005 | 20260507075552.0 | ||
| 008 | 260507s9999||||xx |||||||||||||| ||und|| | ||
| 020 | _a9789957800789 | ||
| 040 | _cfsecg | ||
| 041 | _aara | ||
| 082 | _a330 | ||
| 100 |
_aالكوادي، محمد _eمؤلف |
||
| 245 | 0 |
_aالإجتهاد والتجديد في الفكر الاقتصادي الاسلامي المعاصر : _bدراسة تحليلية نقدية لأزمات ودورات الفكر الاقتصادي الرأسمالي / _c محمد الكوادي |
|
| 260 |
_aعمان: _bدار النفائس, _c2012 |
||
| 300 |
_a207 صفحة؛ _c24 سم |
||
| 504 | _a(اقتنيت سنة 2013 ب09نسخ) 2014ب:03نسخ | ||
| 520 | _aالدلالات و الروابط و الأسس و الضوابط الخاصة بالاقتصاد مع التطرق الى ملامح و قضايا الفكر الاقتصادي الاسلامي و أزمات الفكر الاقتصادي الرأسمالي و دوريتها على ضوء تجديد و اجتهادات الفكر الاقتصادي الاسلامي المعاصر | ||
| 653 | _aالاقتصاد | ||
| 653 | _aالاقتصاد الاسلامي | ||
| 653 | _aالأنظمة الاقتصادية | ||
| 942 | _cكتاب | ||
| 999 |
_c44924 _d44924 |
||